000 00523nam a2200181Ia 4500
008 090124s9999 xx 000 0 und d
082 _b20741
_a568
100 _aगडकरी माधव.
245 _a असा हा गोमांतक
250 _a1
260 _c1974
300 _a266
600 _aगडकरी माधव.
630 _a असा हा गोमांतक
700 _aगडकरी माधव.
730 _a असा हा गोमांतक
942 _cBOOK
999 _c134543
_d134543